|
|
|
|
| LEADER |
00691nam a2200181 i 4500 |
| 001 |
c000070113 |
| 003 |
CARM |
| 005 |
00000000000000.0 |
| 008 |
810321s1958 enk 00000 d |
| 082 |
0 |
4 |
|a 823.912
|2 20
|
| 100 |
1 |
|
|a Spender, Stephen,
|d 1909-
|
| 245 |
1 |
0 |
|a Engaged in writing and ; The fool and the princess /
|c by Stephen Spender.
|
| 260 |
|
|
|a London :
|b Hamish Hamilton,
|c c1958.
|
| 300 |
|
|
|a 239 p. ;
|c 21 cm.
|
| 740 |
4 |
|
|a The fool and the princess.
|
| 852 |
8 |
|
|b CARM
|h A2:AH38G0
|i A01697
|p 0123251
|f BK
|
| 999 |
f |
f |
|i 9b4ad042-6208-5014-9bc6-3f49c58ee81b
|s 3f30cece-0d0a-5755-ad70-e80c4059bb7f
|
| 952 |
f |
f |
|p Can circulate
|a CAVAL
|b CAVAL
|c CAVAL
|d CARM 1 Store
|e A01697
|f A2:AH38G0
|h Other scheme
|i book
|m 0123251
|